Lenost
Saved in:
| Main Author | |
|---|---|
| Format | Electronic eBook |
| Language | Czech |
| Published |
Host
2022
|
| Edition | 1. elektronické vydání |
| Subjects | |
| Online Access | Dostupné v BOOKPORT po přihlášení pomocí eduID |
| ISBN | 978-80-275-1340-6 978-80-275-1046-7 |
| Physical Description | 1 online zdroj (183 stran) |
Cover
| LEADER | 00000nam a2200000 i 4500 | ||
|---|---|---|---|
| 001 | bkp466863811 | ||
| 003 | CZ-prgp | ||
| 005 | 20230203090342.0 | ||
| 006 | m o d | ||
| 007 | cr cn | ||
| 008 | 230203s2022 xr o 000 1 cze | ||
| 020 | |a 978-80-275-1340-6 |c 229 Kč |q (online ; epub) | ||
| 020 | |a 978-80-275-1046-7 |c 299 Kč |q (print) | ||
| 040 | |a Grada |b cze |e rda | ||
| 100 | 1 | |a Jiří, Maršálek | |
| 245 | 1 | 0 | |a Lenost |c Maršálek Jiří |
| 250 | |a 1. elektronické vydání | ||
| 264 | 1 | |b Host |c 2022 | |
| 300 | |a 1 online zdroj (183 stran) | ||
| 336 | |a text |b txt |2 rdacontent | ||
| 337 | |a počítač |b c |2 rdamedia | ||
| 338 | |a online zdroj |b cr |2 rdacarrier | ||
| 520 | 3 | |a Muž, který přišel o manželku, se vrací na místo, kde spolu trávili dovolenou. A kde také před lety ztratil iluze o vlastní bezúhonnosti. Řecko a jeho vůně, hotel, podivná netečnost a nejistota hrdiny uvnitř. V jiném podnebí ho přepadají nové myšlenky a vlivem zdánlivých náhod, křivd a zrad se jeho život přetváří do zcela jiné podoby. Vypadá to, že domů už není návratu. Pro českou prózu netypický filozofický román, který se prostřednictvím milostného příběhu propadá k otázkám sebeuvědomění, úvahám o podobě světa nebo principům fungování lidské mysli. | |
| 650 | 0 | 4 | |a Česká současná beletrie |
| 856 | 4 | 0 | |u https://www.bookport.cz/AccountSaml/SignIn/?idp=https://shibboleth.utb.cz/idp/shibboleth&returnUrl=/kniha/lenost-11310/ |y Dostupné v BOOKPORT po přihlášení pomocí eduID |